000 00259nam a22001217a 4500
008 170316b xxu||||| |||| 00| 0 eng d
041 _aeng
080 _a616.8
100 _a7
101 _aSHM
245 _aTEXBOOK NEUROLOGY
_cMERRIITT.H.H
942 _2udc
_cBK
999 _c8031
_d8031